000
00345pab a2200145 454500
008
180718b1983 xxu||||| |||| 00| 0 eng d
100
_a
Morriss, Peter
245
_a
How capitalism infringes property rights
260
_c
1983
300
_a
656-61
362
_a
Dec.
650
_a
Civil Liberties
773
_a
Political Studies
909
_a
5631
999
_c
5631
_d
5631